বৈদেশিক শাসনতন্ত্র / (Record no. 10023)
[ view plain ]
| 000 -LEADER | |
|---|---|
| fixed length control field | 00691nam a22002177a 4500 |
| 001 - CONTROL NUMBER | |
| JCCL Control Number | 10023 |
| 003 - CONTROL NUMBER IDENTIFIER | |
| JCCL marc code | BD-JhCC |
| 005 - DATE AND TIME OF LATEST TRANSACTION | |
| control field | 20180404125758.0 |
| 008 - FIXED-LENGTH DATA ELEMENTS--GENERAL INFORMATION | |
| fixed length control field | 180404b1974 bg ||||| |||| 00| 0 ben d |
| 035 ## - SYSTEM CONTROL NUMBER | |
| system control number | (BD-JhCC)10023 |
| 040 ## - CATALOGING SOURCE | |
| Original cataloging agency | BD-JhCC |
| Modifying agency | BD-JhCC |
| 041 ## - LANGUAGE CODE | |
| Language code of Book | ben |
| 082 ## - DEWEY DECIMAL CLASSIFICATION NUMBER | |
| Classification number | 340.00 |
| Author mark and Year | KAB 1974 |
| 100 ## - MAIN ENTRY--PERSONAL NAME | |
| Personal name | কবির, অধ্যাপক মো: শাজাহান |
| 245 ## - TITLE STATEMENT | |
| Title | বৈদেশিক শাসনতন্ত্র / |
| Statement of responsibility, etc | অধ্যাপক মো: শাজাহান কবির |
| 260 ## - PUBLICATION, DISTRIBUTION, ETC. (IMPRINT) | |
| Place of publication, distribution, etc | ঢাকা : |
| Name of publisher, distributor, etc | বুক সোসাইটি |
| Date of publication, distribution, etc | 1974. |
| 300 ## - PHYSICAL DESCRIPTION | |
| Pagination | 168 p. : |
| Dimensions | 21 cm. |
| 650 ## - SUBJECT ADDED ENTRY--TOPICAL TERM | |
| Topical term or geographic name as entry element | Constitution |
| 942 ## - ADDED ENTRY ELEMENTS (KOHA) | |
| Source of classification or shelving scheme | Dewey Decimal Classification |
| Koha item type | Books |
| Source of classification or shelving scheme | Damaged status | Not for loan | Home library | Current library | Shelving location | Date of accession | Cost, normal purchase price | Total Checkouts | Full call number | Barcode | Date last seen | Copy number | Koha item type |
|---|---|---|---|---|---|---|---|---|---|---|---|---|---|
| Dewey Decimal Classification | JCC Rouf Library | JCC Rouf Library | General Stacks | 04/04/2018 | 120.00 | 340.00 KAB 1974 | 12048 | 04/04/2018 | C-1 | Books |